Mirkelam - Bir Fotoğraf Çekinebilir Miyiz (Şarkı Sözleri) - Statistics

General Stats
  • This quiz has been taken 113 times
  • The average score is 7 of 12
Answer Stats
-- Şarkının Sözleri Not % Correct
Verse 1 Ay ne {güzel} şeysin sen
97%
Bana güzel güzel {gül}er misin
75%
Ağzım {kulak}larımda
72%
{Dudak}ların {dudak}larımda Aynı kelimeler.
71%
{Kol}larımda sen
65%
{Ses}inin, {bakış}ının, {gülüş}ünün Kelimelerin hepsi bağlantılı.
59%
{Beyaz}ları giymişsin
54%
{Deniz} arka fonda
45%
Ah {gökyüzüm}, {akşamüstüm} İkisini de bulmanıza gerek yok. Benzer kelimeler.
38%
Verse 2 {Havuz}un kenarında
36%
{Keyif} almış bizi
36%
Hayranıyım {yürüyüş}ünün
34%
No matching quizzes found
Score Distribution
Percent of People with Each Score
Percentile by Number Answered
Your Score History
You have not taken this quiz